Antenna handbook : (Record no. 181143)

000 -LEADER
fixed length control field 01048 a2200265 4500
003 - CONTROL NUMBER IDENTIFIER
control field Nust
005 - DATE AND TIME OF LATEST TRANSACTION
control field 20231115114340.0
010 ## - LIBRARY OF CONGRESS CONTROL NUMBER
LC control number 93006502
020 ## - INTERNATIONAL STANDARD BOOK NUMBER
International Standard Book Number 0442015925 (v. 1)
020 ## - INTERNATIONAL STANDARD BOOK NUMBER
International Standard Book Number 0442015933 (v. 2)
020 ## - INTERNATIONAL STANDARD BOOK NUMBER
International Standard Book Number 0442015941 (v. 3)
020 ## - INTERNATIONAL STANDARD BOOK NUMBER
International Standard Book Number 0442015968 (v. 4)
040 ## - CATALOGING SOURCE
Transcribing agency Nust
082 00 - DEWEY DECIMAL CLASSIFICATION NUMBER
Classification number 621.380283,ANT
245 00 - TITLE STATEMENT
Title Antenna handbook :
Remainder of title theory applications and design /
Statement of responsibility, etc. edited by Y.T. Lo, S.W. Lee.
260 ## - PUBLICATION, DISTRIBUTION, ETC.
Place of publication, distribution, etc. New York :
Name of publisher, distributor, etc. Van Nostrand Reinhold,
Date of publication, distribution, etc. c1993.
300 ## - PHYSICAL DESCRIPTION
Extent various paging
Other physical details ill. ;
Dimensions 25 cm.
505 0# - FORMATTED CONTENTS NOTE
Formatted contents note Part 1: Fundamentals and mathematical techniques (Page 1-3), Part 2: Antenna theory (Page 5-3), Part 3: Applications (Page 17-3), Part 4: Related topics (Page 28-3).
650 #0 - SUBJECT ADDED ENTRY--TOPICAL TERM
Topical term or geographic name entry element Telecommunication engineering
700 1# - ADDED ENTRY--PERSONAL NAME
Personal name Lee, S. W.
9 (RLIN) 105244
700 1# - ADDED ENTRY--PERSONAL NAME
Personal name Lo, Y. T.
9 (RLIN) 105245
856 42 - ELECTRONIC LOCATION AND ACCESS
Materials specified Publisher description
Uniform Resource Identifier <a href="http://www.loc.gov/catdir/enhancements/fy0813/93006502-d.html">http://www.loc.gov/catdir/enhancements/fy0813/93006502-d.html</a>
856 42 - ELECTRONIC LOCATION AND ACCESS
Materials specified Table of contents only
Uniform Resource Identifier <a href="http://www.loc.gov/catdir/enhancements/fy0813/93006502-t.html">http://www.loc.gov/catdir/enhancements/fy0813/93006502-t.html</a>
942 ## - ADDED ENTRY ELEMENTS (KOHA)
Source of classification or shelving scheme
Koha item type Book
Holdings
Withdrawn status Lost status Source of classification or shelving scheme Damaged status Not for loan Permanent Location Current Location Shelving location Date acquired Full call number Barcode Date last seen Price effective from Koha item type Public note
          Military College of Signals (MCS) Military College of Signals (MCS) General Stacks 12/12/2016 621.380283,ANT MCS28353 12/08/2016 12/12/2016 Book Almirah No.37, Shelf No.4
© 2023 Central Library, National University of Sciences and Technology. All Rights Reserved.